000 00844 a2200133 4500
003 Nust
005 20170207154020.0
040 _cNust
100 _aMonty Python’s Flying Circus
245 _aFundamentals of Computer Design
_bAnd now for something completely different (E-Book)
_cMonty Python’s Flying Circus
300 _a1141 P;
505 _aIntroduction (Page-1) The Task of a Computer Designer (Page-4) Technology Trends (Page-11) Cost, Price and their Trends (Page-14) Measuring and Reporting Performance (Page-25) Quantitative Principles of Computer Design (Page-40) Putting It All Together: Performance and Price-Performance (Page-49 ) Another View: Power Consumption and Efficiency as the Metric (Page-58) Fallacies and Pitfalls (Page-59) Concluding Remarks (Page-69) Historical Perspective and References (Page-70)
651 _a(E-Book)
942 _2ddc
_cBK
999 _c191633
_d191633